| 000 | 01475cam a22003977a 4500 | ||
|---|---|---|---|
| 003 | CHAP | ||
| 005 | 20220329141918.0 | ||
| 008 | 980528d1995 gt r 10110 spa d | ||
| 010 | _a75636 | ||
| 011 | _a76608 | ||
| 035 | _a86194 | ||
| 040 | _cCHAP | ||
| 082 | 0 | 4 |
_a309.172 _bC8 |
| 111 | 0 | 0 |
_aCumbre Mundial sobre Desarrollo Social y Centro América _d(1995 : _cGuatemala, Guatemala) _930414 |
| 245 | 1 | 0 |
_aReunión _c/por Instituto Centroamericano de Estudios Políticos |
| 260 |
_aGuatemala, Guatemala : _bPanorama Centroamericano, _c1995. |
||
| 300 | _a327 p. | ||
| 490 | 0 |
_aTemas y documentos de debate; _v3-4 |
|
| 590 |
_aBATCH-UPD _b10 _c20130110 _lUCH01 _h0545 |
||
| 590 |
_aBATCH-UPD _b10 _c20130410 _lUCH01 _h0226 |
||
| 590 |
_aBATCH-UPD _b10 _c20130914 _lUCH01 _h0319 |
||
| 590 |
_aCONVERSION _b10 _c20130109 _lUCH01 _h1341 |
||
| 650 | 1 | 4 |
_aAmérica Central _xCondiciones sociales. _95373 |
| 650 | 1 | 4 |
_aAmerica Latina _xCondiciones sociales. _95395 |
| 650 | 1 | 4 |
_aDesarrollo de la comunidad. _931967 |
| 650 | 1 | 4 |
_aDesempleo. _932123 |
| 650 | 1 | 4 |
_aPobreza. _989463 |
| 711 | 0 |
_aReunión de Presidentes de Centro América _n(17 : _d1995 : _cSan Salvador) _996331 |
|
| 730 | 0 |
_aCumbre Social Centroamericana. _930417 |
|
| 730 | 0 |
_aDeclaración de San Salvador. _931479 |
|
| 830 | 0 | 0 |
_aTemas y documentos de debate; _v3-4 _9112169 |
| 901 | _aBK | ||
| 905 | _aLilia Sánchez G. | ||
| 942 | _cLIBRO | ||
| 949 |
_a309.172 C8 _bBC _cLIBRO _d33724000595294 _eLIBRO _h93175 _i86194 _si |
||
| 999 |
_c75636 _d75636 |
||